Central Library OPAC University of Rajshahi

Napoleon and the awakening of Europe / (Record no. 25415)

MARC details
000 -LEADER
fixed length control field 01123cam a22003131a 4500
001 - CONTROL NUMBER
control field 25415
003 - CONTROL NUMBER IDENTIFIER
rucl marc code BD-RjUL
005 - DATE AND TIME OF LATEST TRANSACTION
control field 20211209050857.0
008 - FIXED-LENGTH DATA ELEMENTS--GENERAL INFORMATION
fixed length control field 140318r19681954enkab b 001 0deng
020 ## - INTERNATIONAL STANDARD BOOK NUMBER
International Standard Book Number 0340058579
035 ## - SYSTEM CONTROL NUMBER
System control number (BD-RjUL)25485
System control number (OCoLC)1049704
040 ## - CATALOGING SOURCE
Original cataloging agency DLC
Transcribing agency OOrrW
Modifying agency OCoLC
-- TxKT
-- Uk
-- DLC
-- BD-RjUL
Language of cataloging eng
041 ## - LANGUAGE CODE
Language code of text/sound track or separate title eng
082 ## - DEWEY DECIMAL CLASSIFICATION NUMBER
Classification number 944.04
Author mark and year MAN 1968
100 1# - MAIN ENTRY--PERSONAL NAME
Personal name Markham, Felix Maurice Hippisley.,
Dates associated with a name 1908-
9 (RLIN) 78142
245 10 - TITLE STATEMENT
Title Napoleon and the awakening of Europe /
Statement of responsibility, etc. by F.M.H. Markham.
260 ## - PUBLICATION, DISTRIBUTION, ETC. (IMPRINT)
Place of publication, distribution, etc. London :
Name of publisher, distributor, etc. English Universities Press,
Date of publication, distribution, etc. [Impression 1968].
300 ## - PHYSICAL DESCRIPTION
Pagination vii, 183 p. :
Illustrations ill. , maps ;
Size 18 cm.
504 ## - BIBLIOGRAPHY, ETC. NOTE
Bibliography, etc Includes bibliographical references (p. 178-179) and index.
600 00 - SUBJECT ADDED ENTRY--PERSONAL NAME
Personal name Napoleon
Titles and other words associated with a name Emperor of the French,
Dates associated with a name 1769-1821
General subdivision Relations with Europeans.
Personal name Napoleon
Titles and other words associated with a name Emperor of the French,
Dates associated with a name 1769-1821
General subdivision Military leadership.
650 #0 - SUBJECT ADDED ENTRY--TOPICAL TERM
Topical term or geographic name as entry element Emperors.
9 (RLIN) 73671
651 #0 - SUBJECT ADDED ENTRY--GEOGRAPHIC NAME
Geographic name Europe
General subdivision History
Chronological subdivision 1789-1815.
9 (RLIN) 78146
942 ## - ADDED ENTRY ELEMENTS (KOHA)
Source of classification or shelving scheme Dewey Decimal Classification
Koha item type Books
Holdings
Lost status Source of classification or shelving scheme Damaged status Not for loan Collection code Permanent Location Current Location Shelving location Date acquired Source of acquisition Cost, normal purchase price Total Checkouts Full call number Date last seen Copy number Koha item type
  Dewey Decimal Classification   Added to bundle Fiction Central Library, University of Rajshahi Central Library, University of Rajshahi Reading Room 27/07/1972 Book Centre 14.30   944.04 MAN 1968 18/03/2014 C-1 Books
  Dewey Decimal Classification     Fiction Central Library, University of Rajshahi Central Library, University of Rajshahi   22/04/1974 Book Centre 14.30   944.04 MAN 1968 18/03/2014 C-2 Books